Normal view
MARC view
Entry Topical Term
001 - CONTROL NUMBER
- control field: 46026
003 - CONTROL NUMBER IDENTIFIER
- control field: OSt
005 - DATE AND TIME OF LATEST TRANSACTION
- control field: 20160315123303.0
008 - FIXED-LENGTH DATA ELEMENTS
- fixed length control field: 160315|| aca||aabn | a|a d
040 ## - CATALOGING SOURCE
- Original cataloging agency: OSt
- Transcribing agency: OSt
150 ## - HEADING--TOPICAL TERM
- Topical term or geographic name entry element: Stories
670 ## - SOURCE DATA FOUND
- Source citation: Work cat.: (OSt)39556: झारी विजयदेव 46020, इन्दुमती व हिन्दी की अन्य पहली-पहली कहनियां , 1982









